| 000 | 00723nam a22002177a 4500 | ||
|---|---|---|---|
| 003 | SISC | ||
| 005 | 20160217135526.0 | ||
| 008 | 130827t xxu||||| |||| 00| 0 eng d | ||
| 020 | _a9780071179027 | ||
| 050 |
_aQD 33. _bC456 2000 |
||
| 082 |
_aHS 540 _b C362 2000 |
||
| 100 |
_aChang, Raymond _93925 |
||
| 245 |
_aEssential chemistry : _b a core text for general chemistry / _c Raymond Chang. |
||
| 260 |
_aBoston : _bMcGraw Hill Higher Education, _c2000. |
||
| 300 |
_a775 p. : _bcol. ill. ; _c26 cm. |
||
| 650 |
_a1. Electricity _xExperiments _zJuvenile Literature. _914073 |
||
| 650 |
_a Magnetism _x Experiments _zJuvenile Literature. _914074 |
||
| 650 |
_a Experiments. _92007 |
||
| 942 |
_2lcc _cBK |
||
| 999 |
_c9554 _d9554 |
||